| 000 | 00472nam a2200157Ia 4500 | ||
|---|---|---|---|
| 003 | IQ-KOUCL | ||
| 041 | _aArabic | ||
| 082 | _a222,1 cut-857 د | ||
| 100 | _a20260118u\\\\\\\\\\\y0engy0103\\\\ba | ||
| 100 | _aابن كثير القرشي الدمشقي | ||
| 245 | 0 | _aتفسير القران العظيم المجلد الاول | |
| 250 | _aط1 | ||
| 260 |
_bجمعية احياء التراث الاسلامي _aالكويت _c2022 |
||
| 300 | _a667 | ||
| 942 | _cBk | ||
| 999 |
_c186286 _d186286 |
||